000 00859nam a2200205Ii 4500
003 JO-AjNU
008 230605s9999||||xx |||||||||||||| ||und||
040 _aJO-AjNU
_bara
_erda
_cJO-AjNU
041 _aara
050 1 4 _aPJ6119.S556 1900
100 3 _aتاليف صيني،محموداسماعيل؛ م.مشارك :ناصف مصطفى عبد العزيز؛مختار الطاهر حسين,
_eauthor
_924539
245 0 0 _aالعربية للناشئين منهج متكامل لغير الناطقين بالعربية
264 3 1 _aد.م: د.ن، 1900
300 _a275ص
336 _atext
_btxt
_2rdacontent
337 _aunmediated
_bn
_2rdamedia
338 _avolume
_bnc
_2rdacarrier
490 0 _aكتاب التلميد 5
650 4 _aاللغة العربية-النحو-الاملاء-قواعد-اللفة العربية للناشئين
_924540
999 _aA9053
_c12621
_d12621